| 000 | 01046cam a22002054a 4500 | ||
|---|---|---|---|
| 005 | 20250605164120.0 | ||
| 008 | 250528s ||||||||||||||||||||||||d | ||
| 035 | _a18240 | ||
| 020 | _a201528789 | ||
| 040 |
_aGR-AtMCL _bgre _dGR-AtMCL _eAACR2 |
||
| 245 | 1 | _aAn Introduction to Database Systems / Volume I; Fifth Edition | |
| 250 | _a5th | ||
| 260 |
_bAddison-Wesley, _c1990 |
||
| 300 | _a854 | ||
| 520 | _aThis book provides a solid education in the fundamentals of database technology. Basic Concepts, An Architecture for a Database System, The Internal Level, Relational Systems, Data Definition, The System Catalog, Views, The Relational Model, Relational Data Structure, Relational Algebra, Relational Calculus, The Database Environment, Security and Integrity, Frontend Subsystems, Administration Facilities, Database Design, Semantic Modelling, Directions, Logic-Base Systems, Object-Oriented Systems, Further Research Topics, Appendixes, Index. | ||
| 700 | 1 |
_aDate C.J _91848 |
|
| 942 | _cBK | ||
| 999 |
_c3613 _d3613 |
||